Movies Quiz

Random Movies or Actress Quiz
Score 0/35 Timer 06:00
0 Plays Today
% Correct
Star Wars: Episode IV - A New Hope
94.3%
Grease
92.5%
Die Hard
91.3%
The Hunger Games
91.1%
Iron Man
90.7%
Ferris Bueller's Day Off
89.5%
Mean Girls
86.5%
Harry Potter and the Prisoner of Azkaban
83.7%
Rebel Without a Cause
82.5%
Gran Torino
82.3%
Good Morning, Vietnam
81.5%
12 Angry Men
81.3%
The Hangover
81.1%
The Graduate
80.9%
Animal House
79.7%
Terminator 2: Judgment Day
78.7%
The Breakfast Club
73.9%
Old School
73%
% Correct
Logan's Run
72.3%
Caddyshack
72%
Boys Don't Cry
71.5%
Little Miss Sunshine
70.9%
10 Things I Hate About You
69.6%
Easy A
68.7%
Zombieland
67.4%
Beetlejuice
55.2%
Red Dawn
54.1%
The Motorcycle Diaries
53.1%
Stripes
52.9%
The Wild One
52.5%
Heathers
48.4%
Space Cowboys
47.4%
Hackers
43.3%
Real Genius
36.8%
The Way Way Back
36.6%
Remove Ads.
Support Sporcle.
Get the best of Sporcle when you Go Orange. This ad-free experience offers more features, more stats, and more fun while also helping to support Sporcle. Thank you for becoming a member.

You're not logged in!

Compare scores with friends on all Sporcle quizzes.
OR
Log In

Show Comments

Extras

Top Quizzes Today


Score Distribution

Your Account Isn't Verified!

In order to create a playlist on Sporcle, you need to verify the email address you used during registration. Go to your Sporcle Settings to finish the process.

Report this User

Report this user for behavior that violates our Community Guidelines.

Details: